[Event "2nd Santa Catarina Masters"]
[Site "Blumenau BRA"]
[Date "2013.02.14"]
[Round "5.1"]
[White "Gallo Ponce,E"]
[Black "Aguiar,L"]
[Result "0-1"]
[WhiteElo "2259"]
[BlackElo "2202"]

1.Nf3 d5 2.g3 Nf6 3.Bg2 g6 4.b3 Bg7 5.Bb2 O-O 6.c4 c6 7.O-O Nbd7 8.Qc2 Re8
9.Ne5 Nxe5 10.Bxe5 Be6 11.d3 Qd7 12.Nd2 Bh3 13.Nf3 Bxg2 14.Kxg2 Qf5 15.Qb2 Rad8
16.Rac1 Bh6 17.Rc2 Nd7 18.Bc3 c5 19.cxd5 Qxd5 20.b4 Rc8 21.bxc5 Rxc5 22.Bd4 Rxc2
23.Qxc2 e5 24.Ba1 Nb6 25.Qc7 f6 26.e4 Qf7 27.Qc2 Rc8 28.Qb1 Na4 29.d4 exd4
30.Bxd4 Nc3 31.Qe1 Nb5 32.Ba1 Qxa2 33.Bxf6 a5 34.Qd1 Qe6 35.Ba1 Nd6 36.e5 Nf5
37.Kg1 b5 38.g4 Ne7 39.Nd4 Qd5 40.Qe2 b4 41.f4 Rc4 42.g5 Rxd4 43.Bxd4 Qxd4+
44.Rf2 Bf8 45.Qb5 Qd1+ 46.Rf1 Qd4+ 47.Rf2 Nd5 48.Kg2 Nxf4+ 49.Kg3 Qd3+  0-1

[Event "Novy Bor Open A 2013"]
[Site "Novy Bor CZE"]
[Date "2013.02.14"]
[Round "7"]
[White "Svec,L"]
[Black "Mach,Michal"]
[Result "1-0"]
[WhiteElo "1815"]
[BlackElo "1560"]

1.Nf3 d5 2.g3 Nf6 3.b3 g6 4.Bb2 Bg7 5.c4 e6 6.Bg2 O-O 7.O-O c6 8.d4 Nbd7
9.Nbd2 Qc7 10.Qc2 b6 11.e4 dxe4 12.Ng5 Bb7 13.Ngxe4 Rfd8 14.Rad1 Rac8 15.Rfe1 Ba8
16.c5 Nd5 17.Nd6 Rb8 18.Ba1 bxc5 19.dxc5 Bxa1 20.Rxa1 Nb4 21.Qc3 Nxc5 22.N6e4 Nxe4
23.Nxe4 Nd5 24.Qb2 Nb4 25.Nf6+ Kf8 26.Nxh7+ Kg8 27.Nf6+ Kf8 28.Qc3 Qe7 29.Ne4 Nd5
30.Qc5 Nb4 31.Rec1 Nd3 32.Qxe7+ Kxe7 33.Rc3 Nb4 34.Nc5 Rd2 35.a3 Nc2 36.Ra2 Rd1+
37.Bf1 Nd4 38.Kg2 Nb5 39.Rd3 Rxd3 40.Bxd3 Nd4 41.Bc4 Kd6 42.b4 a5 43.Rd2 e5
44.Na6 c5+ 45.Kf1 Rb6 46.bxc5+  1-0

[Event "62nd ch-BUL w SF 2013"]
[Site "Plovdiv BUL"]
[Date "2013.02.14"]
[Round "5.2"]
[White "Radeva,Viktoria"]
[Black "Salimova,Nurgyul"]
[Result "0-1"]
[WhiteElo "1762"]
[BlackElo "1780"]

1.Nf3 d5 2.g3 c6 3.Bg2 Nf6 4.d3 Bf5 5.O-O e6 6.Nbd2 h6 7.Qe1 Be7 8.e4 Bh7
9.Qe2 O-O 10.Ne1 Qb6 11.Kh1 Qa6 12.e5 Nfd7 13.f4 c5 14.Nef3 Nc6 15.Rg1 Nb4
16.Ne1 c4 17.dxc4 Nxc2 18.Nxc2 Bxc2 19.Bf3 Bc5 20.Re1 d4 21.Qg2 Rab8 22.g4 Be7
23.Qf2 Qb6 24.h4 g6 25.Ne4 Bxe4 26.Bxe4 Nc5 27.Qxd4 Bxh4 28.Rf1 Rfd8 29.Qe3 Nxe4
30.Qxe4 Rd4 31.Qf3 Rxc4 32.f5 Qc6 33.Qxc6 bxc6 34.fxg6 fxg6 35.b3 Rxg4 36.Bxh6 Bg3
37.Be3 Rb7 38.Rad1 Rh7+ 39.Kg2 Bxe5+ 40.Kf3 Rg3+ 41.Ke4 Bc7 42.Rf6 Rh4+ 43.Kd3 Bb6  0-1

[Event "2nd Santa Catarina Masters"]
[Site "Blumenau BRA"]
[Date "2013.02.15"]
[Round "6.5"]
[White "Gallo Ponce,E"]
[Black "Gauche,C"]
[Result "1-0"]
[WhiteElo "2259"]
[BlackElo "2227"]

1.Nf3 d5 2.g3 c5 3.Bg2 Nc6 4.d4 Nf6 5.O-O e6 6.c4 cxd4 7.Nxd4 Be7 8.Nc3 O-O
9.cxd5 exd5 10.b3 Bc5 11.Nxc6 bxc6 12.Na4 Bd6 13.Be3 Ng4 14.Bc5 Bxc5 15.Nxc5 Qd6
16.Rc1 Qh6 17.h3 Nf6 18.Kh2 g5 19.Rh1 Re8 20.Kg1 Bf5 21.Qd2 Qg6 22.e3 Re7
23.g4 Bc8 24.f4 gxf4 25.exf4 h5 26.f5 Bxf5 27.gxf5 Qg3 28.Qf2 Qg5 29.Rf1 Rae8
30.Qf4 Qg7 31.Kh2 Kh7 32.Rhg1 Re2 33.Kh1 Rxa2 34.Bf3 Qh6 35.Rg5 h4 36.Rfg1 Rg8
37.Nd7 Rxg5 38.Rxg5 Ra1+ 39.Kg2 Ra2+ 40.Kf1 Ra1+ 41.Ke2 Ra2+ 42.Kd1 Nxd7
43.Rh5 Qxh5 44.Bxh5 Nf6 45.Bf3 Ra1+ 46.Kc2 Rg1 47.Qxh4+ Kg7 48.Qf2 Rg5 49.Qxa7 Rxf5
50.Qg1+ Kh8 51.Qe3 Kg7 52.Kb2 c5 53.Qg1+ Kh6 54.Bg4 Re5 55.Qxc5  1-0

[Event "Aeroflot Open Rapid KO"]
[Site "Moscow RUS"]
[Date "2013.02.15"]
[Round "1.2"]
[White "Kamsky,G"]
[Black "Lintchevski,D"]
[Result "1-0"]
[WhiteElo "2740"]
[BlackElo "2528"]

1.Nf3 d5 2.g3 c6 3.Bg2 Bg4 4.O-O Nd7 5.d3 e5 6.Nbd2 Ngf6 7.h3 Bxf3 8.Nxf3 Bc5
9.e3 O-O 10.a3 a5 11.b3 Qe7 12.Bb2 Rfe8 13.Qe2 Bb6 14.Rfd1 h6 15.Nd2 Bc7
16.c4 dxc4 17.Nxc4 Nc5 18.Qc2 a4 19.b4 Nb3 20.Rab1 Qe6 21.Nd2 Nxd2 22.Rxd2 Bd6
23.Rc1 Nd7 24.Qd1 Red8 25.d4 exd4 26.Bxd4 Be7 27.Qc2 Nf6 28.Rcd1 Nd5 29.Qb2 Nf6
30.e4 Rd7 31.e5 Ne8 32.Kh2 g6 33.h4 Ng7 34.Bh3 Nf5 35.h5 Rad8 36.hxg6 fxg6
37.Bc3 Kf7 38.Rxd7 Rxd7 39.Rxd7 Qxd7 40.Qc2 b5 41.Bb2 Bd8 42.Bg2 Ne7 43.Qc1 g5
44.Qc2 Kg8 45.Qc3 Qe6 46.Qd4 Bc7 47.Bh3 Qd5 48.Qa7 Qd8 49.Bd4 h5 50.Be6+ Kf8
51.Qc5 h4 52.gxh4 Qe8 53.hxg5 Qh5+ 54.Kg3 Qxg5+ 55.Bg4 Ke8 56.Kf3 Qg6 57.e6 Qd3+
58.Kg2 Qe4+ 59.f3 Qe2+ 60.Bf2 Qe5 61.Qc2 Qh2+ 62.Kf1 Kd8 63.Qc5 Qe5 64.Qa7 Nd5
65.Bh4+ Ke8 66.Qa8+ Bb8 67.Qxc6+ Kf8 68.e7+ Nxe7 69.Qh6+ Ke8 70.Bf6 Qh2 71.Qxh2 Bxh2
72.Be6 Bf4 73.Bb2 Nc6 74.Ke2 Ne5 75.Bd4 Ke7 76.Bg8 Kd6 77.Be3 Ng6 78.Bf7 Bxe3
79.Kxe3 Ne5 80.Bg8 Nd7 81.Kd4 Ne5 82.f4 Nf3+ 83.Kd3 Ne1+ 84.Kc3 Ng2 85.f5 Ke5
86.Be6 Nf4 87.Bf7 Ne2+ 88.Kd3 Nf4+ 89.Kd2 Kxf5 90.Be8 Nd5 91.Bxb5 Nb6 92.Kd3 Ke5
93.Bc6 Kd6 94.Be8 Ke5 95.Bf7 Nc8 96.Be8 Nb6 97.Kc3 Kd5 98.Bh5 Ke4 99.Bf7 Ke5
100.Bg8 Ke4 101.Ba2 Ke5 102.Kd3 Nc8 103.Kc4 Nd6+ 104.Kc5 Ne4+ 105.Kc6 Kd4
106.b5 Nc5 107.b6 Na6 108.Be6  1-0

[Event "Aeroflot Open Rapid KO"]
[Site "Moscow RUS"]
[Date "2013.02.15"]
[Round "1.2"]
[White "Inarkiev,E"]
[Black "Frolyanov,D"]
[Result "0-1"]
[WhiteElo "2688"]
[BlackElo "2563"]

1.Nf3 d5 2.g3 c6 3.Bg2 Bg4 4.c4 e6 5.O-O Nf6 6.d3 Nbd7 7.cxd5 cxd5 8.Qb3 Qb6
9.Qxb6 Nxb6 10.Nc3 a6 11.Bf4 Be7 12.Ne5 Bh5 13.h3 O-O 14.g4 Bg6 15.h4 d4
16.h5 dxc3 17.hxg6 hxg6 18.bxc3 Nfd5 19.Bd2 Bf6 20.f4 g5 21.e3 gxf4 22.exf4 g5
23.Rae1 Nxf4 24.Bxf4 gxf4 25.Rxf4 Bg5 26.Rfe4 Bd2 27.Rb1 Nd5 28.Rxb7 Bxc3
29.Nc6 Rac8 30.Rc4 Bf6 31.Bf3 Kg7 32.a4 Rh8 33.Rc1 Rh3 34.Kg2 Nf4+ 35.Kf2 Nxd3+
36.Kg2 Rxf3 37.Kxf3 Nxc1 38.Rb6 Nb3 39.Kf4 Nc5 40.a5 Bd8 41.Nxd8 Rxd8 42.Rc6 Rd5  0-1

[Event "2nd Santa Catarina Masters"]
[Site "Blumenau BRA"]
[Date "2013.02.16"]
[Round "8.4"]
[White "Gallo Ponce,E"]
[Black "Cordeiro,M"]
[Result "0-1"]
[WhiteElo "2259"]
[BlackElo "2215"]

1.Nf3 d5 2.g3 Nf6 3.Bg2 Bf5 4.O-O c6 5.b3 e6 6.Bb2 Be7 7.d3 O-O 8.Nbd2 h6
9.c4 Nbd7 10.Qc2 a5 11.a3 Rc8 12.Rac1 Bh7 13.Qb1 Nc5 14.b4 axb4 15.axb4 Ncd7
16.Ba1 b6 17.cxd5 exd5 18.Rc3 c5 19.bxc5 bxc5 20.Qb7 Rb8 21.Qa6 Ra8 22.Qb5 Ra2
23.Rcc1 Qa8 24.Qb3 Rb8 25.Qd1 Qa6 26.Bh3 Nf8 27.Be5 Rb4 28.Nh4 c4 29.dxc4 dxc4
30.Bf5 Ne6 31.Bxh7+ Kxh7 32.Nf5 Ra5 33.Nxe7 Rxe5 34.Nf3 Re4 35.Nf5 c3 36.e3 Rec4
37.Nd6 Rc7 38.Nf5 Rb8 39.Rc2 Qa5 40.N5d4 Rd8 41.Qb1 g6 42.Rfc1 Ne4 43.Ra2 Qd5
44.Qa1 N6c5 45.Ra5 Qc4 46.Nb5 Nb3 47.Ne5 Qe2 48.Re1 Qxf2+  0-1

[Event "TCh-CAT Div Hon 2013"]
[Site "Catalonia ESP"]
[Date "2013.02.16"]
[Round "5.1"]
[White "Beltran Rueda,S"]
[Black "Alsina Leal,D"]
[Result "1/2-1/2"]
[WhiteElo "2420"]
[BlackElo "2511"]

1.Nf3 d5 2.g3 c6 3.Bg2 Nf6 4.O-O Bf5 5.d3 h6 6.c4 e6 7.cxd5 exd5 8.Nc3 Be7
9.Nd4 Bh7 10.e4 O-O 11.exd5 cxd5 12.Be3 Na6 13.Qf3 Nb4 14.a3 Nxd3 15.Nxd5 Nxd5
16.Qxd5 Bf6 17.Ne2 Qxd5 18.Bxd5 Rfd8 19.Bxb7 Rab8 20.Bf3 Rxb2 21.Kg2 a6 22.Nf4 Nxf4+
23.Bxf4 Rb3 24.Ra2 Bb1 25.Rd2 Rxd2 26.Bxd2 Bd3 27.Rc1 Rxa3 28.Rc8+ Kh7 29.Rc7 Bg6
30.h4 Be5 31.Re7 Bf6 32.Rc7 h5 33.Rc5 Be7 34.Ra5 Rxa5 35.Bxa5 Bc5 36.Be2 Be4+
37.Kf1  1/2-1/2

[Event "TCh-CZE Extraliga 2012-13"]
[Site "Czech Republic CZE"]
[Date "2013.02.16"]
[Round "5.7"]
[White "Adamek,J"]
[Black "Haba,P"]
[Result "0-1"]
[WhiteElo "2272"]
[BlackElo "2463"]

1.Nf3 d5 2.g3 Nf6 3.Bg2 c6 4.c4 dxc4 5.Na3 e5 6.Nxc4 e4 7.Ng5 Bc5 8.O-O h6
9.Nxe4 Nxe4 10.Bxe4 Bh3 11.Re1 Qd4 12.d3 Qxf2+ 13.Kh1 Nd7 14.e3 Nf6 15.Bf3 O-O-O
16.Qe2 Qxe2 17.Bxe2 Rhe8 18.a3 Bg4 19.Bf1 Bf3+ 20.Kg1 b5 21.Kf2 Bh5 22.Na5 Kc7
23.Kg2 Nd7 24.Bd2 Ne5 25.d4 Nf3 26.Rec1 Nxd2 27.Rxc5 Bf3+ 28.Kf2 Bd5 29.Bd3 Kb6
30.b4 Rd6 31.Rac1 Ne4+ 32.Bxe4 Rxe4 33.R5c3 h5 34.h3 h4 35.g4 f5 36.gxf5 Rf6
37.Ke2 Re8 38.Rg1 Rxf5 39.Rxg7 Ref8 40.Rb7+ Ka6 41.Rc7 R8f6 42.Kd3 Re6 43.Nb7 Kb6
44.Rd7 Be4+ 45.Kd2 Rf2+ 46.Ke1 Ref6  0-1

[Event "Frau Bundesliga Div1 2012-13"]
[Site "Germany GER"]
[Date "2013.02.16"]
[Round "8.3"]
[White "Moser,E"]
[Black "Lakos,N"]
[Result "1-0"]
[WhiteElo "2443"]
[BlackElo "2290"]

1.g3 d5 2.Nf3 c6 3.Bg2 Bg4 4.c4 e6 5.cxd5 exd5 6.h3 Bf5 7.O-O Nf6 8.d3 Be7
9.Nc3 O-O 10.Nd4 Bc8 11.e4 Bb4 12.exd5 Bxc3 13.bxc3 Nxd5 14.Bb2 Na6 15.c4 Ne7
16.Nc2 Bf5 17.d4 Qd7 18.Kh2 Nc7 19.Ne3 Be6 20.a4 Rad8 21.Qb3 Rb8 22.Rfd1 f6
23.d5 cxd5 24.cxd5 Bf7 25.Qd3 Na6 26.Qd4 b6 27.Ba3 Rfd8 28.h4 Nf5 29.Qd3 Nxe3
30.Qxe3 Re8 31.Qd4 Re5 32.Rac1 Rd8 33.Qc4 Nc5 34.Bxc5 bxc5 35.Qxc5 Qxa4 36.Ra1 Qb3
37.Rdb1 Qd3 38.Qc7 Rde8 39.Rd1 Qe2 40.d6 Qxf2 41.d7  1-0

[Event "Frau Bundesliga Div1 2012-13"]
[Site "Germany GER"]
[Date "2013.02.16"]
[Round "8.5"]
[White "Schulz,A2"]
[Black "Steinbacher,C"]
[Result "1-0"]
[WhiteElo "2076"]
[BlackElo "2134"]

1.Nf3 d5 2.g3 c5 3.Bg2 Nc6 4.d3 e5 5.O-O f6 6.e4 d4 7.Nh4 Be6 8.f4 Qd7 9.f5 Bf7
10.g4 g5 11.Nf3 h5 12.h3 Bd6 13.Na3 Nh6 14.Nh2 hxg4 15.hxg4 O-O-O 16.Bd2 Rh7
17.Be1 Be7 18.b3 Rdh8 19.Bg3 Bd8 20.Nc4 b5 21.Nd2 Ba5 22.a4 a6 23.Qe2 Qb7
24.Ndf3 Bc3 25.axb5 axb5 26.Rab1 Kd7 27.Be1 Bxe1 28.Rfxe1 Ra8 29.Ra1 Rhh8
30.Qd2 Rxa1 31.Rxa1 Ra8 32.Rxa8 Qxa8 33.Nxg5 fxg5 34.Qxg5 Qh8 35.Nf3 Ng8
36.Qc1 Nf6 37.g5 Ng4 38.g6 Be8 39.Qg5 Ne3 40.g7 Qg8 41.f6 Kd6 42.Qh6 Bf7
43.Ng5 Nd8 44.Qh8  1-0

[Event "Vladimir Petrov Memorial"]
[Site "Jurmala LAT"]
[Date "2013.02.16"]
[Round "5.5"]
[White "Malakhov,V"]
[Black "Ehlvest,J"]
[Result "1/2-1/2"]
[WhiteElo "2709"]
[BlackElo "2613"]

1.Nf3 d5 2.g3 Nf6 3.Bg2 c6 4.O-O Bg4 5.c4 e6 6.cxd5 exd5 7.d3 Nbd7 8.Nc3 Be7
9.h3 Bxf3 10.Bxf3 d4 11.Ne4 O-O 12.Nd2 Ne5 13.Bg2 a5 14.b3 Bc5 15.Bb2 Qe7
16.Nc4 Nxc4 17.bxc4 Rfe8 18.Bf3 Qe6 19.Kg2 Nd7 20.Kh2 Ne5 21.Bg2 Ng6 22.Bf3 Ne5
23.Bg2 Ng6 24.Bf3  1/2-1/2

[Event "17th Lienz Open 2013"]
[Site "Lienz AUT"]
[Date "2013.02.16"]
[Round "9.20"]
[White "Jenul,R"]
[Black "Grundner,A"]
[Result "1/2-1/2"]
[WhiteElo "2068"]
[BlackElo "1919"]

1.Nf3 d5 2.g3 Nf6 3.Bg2 c5 4.d3 Nc6 5.O-O e5 6.Nbd2 h6 7.e4 dxe4 8.dxe4 Bg4
9.c3 Qc7 10.Qc2 Be7 11.Nc4 Rd8 12.Ne3 Be6 13.b3 O-O 14.Nf5 Rd7 15.N3h4 Rfd8
16.Nxe7+ Nxe7 17.h3 c4 18.b4 Rd3 19.Be3 Qd7 20.Kh2 b6 21.Nf3 Ng6 22.Ne1 Rd1
23.Nf3 Rd3 24.Ne1 Rd1 25.Nf3  1/2-1/2

[Event "ch-ROU w 2013"]
[Site "Baile Olanesti ROU"]
[Date "2013.02.17"]
[Round "2.13"]
[White "Bogdan,El"]
[Black "Moldovan,Petruta-Alisia"]
[Result "0-1"]
[WhiteElo "1829"]
[BlackElo "1712"]

1.Nf3 d5 2.g3 Nf6 3.Bg2 g6 4.d3 Bg7 5.O-O c5 6.Nbd2 Nc6 7.e4 e5 8.Re1 O-O
9.exd5 Nxd5 10.Nc4 f6 11.h3 Be6 12.Bd2 Qd7 13.Kh2 Rad8 14.a3 Rfe8 15.Qc1 Qc7
16.Bh6 b5 17.Bxg7 Kxg7 18.Ncd2 Nb6 19.Ne4 Nd4 20.Nxf6 Nxf3+ 21.Bxf3 Kxf6
22.h4 Kg7 23.Qg5 Bd5 24.Bg4 Qe7 25.Re2 Qxg5 26.hxg5 Nd7 27.Rae1 Be6 28.Bf3 Rc8
29.Bb7 Rc7 30.Ba6 b4 31.Bb5 Kf7 32.Rxe5 Nxe5 33.Bxe8+ Kxe8 34.Rxe5 Kd7 35.a4 Kd6
36.Re4 c4 37.Rh4 cxd3 38.cxd3 a5 39.Kg2 Bb3 40.Rd4+ Kc5 41.Re4 Bd5  0-1

[Event "I Montcada Closed"]
[Site "Montcada i Reixac ESP"]
[Date "2013.02.17"]
[Round "2.5"]
[White "Camacho Collados,J"]
[Black "Espinoza Palomino,W"]
[Result "1-0"]
[WhiteElo "2330"]
[BlackElo "2284"]

1.Nf3 d5 2.g3 Nf6 3.Bg2 c6 4.O-O Bf5 5.c4 e6 6.cxd5 exd5 7.d3 Be7 8.Nc3 O-O
9.Nd4 Bg6 10.e4 Na6 11.Nde2 dxe4 12.dxe4 Nc5 13.f3 Qb6 14.Be3 Qxb2 15.Rb1 Qa3
16.Kh1 Qa6 17.Nf4 Rfd8 18.Qe2 Qxe2 19.Ncxe2 Nfd7 20.Rfc1 f6 21.Bh3 b6 22.Nd4 Ne5
23.Nxg6 hxg6 24.f4 Ned3 25.Rd1 Nxe4 26.Rxd3 c5 27.Be6+ Kh7 28.g4 cxd4 29.Bg1 g5
30.Rh3+  1-0

[Event "TCh-HUN 2012-13"]
[Site "Nagykanizsa HUN"]
[Date "2013.02.17"]
[Round "7"]
[White "Ribli,Z"]
[Black "Kovacs,Ga2"]
[Result "1/2-1/2"]
[WhiteElo "2554"]
[BlackElo "2461"]

1.Nf3 d5 2.g3 e6 3.Bg2 Nf6 4.O-O Be7 5.c4 O-O 6.d4 dxc4 7.Qc2 a6 8.a4 Bd7
9.Qxc4 Bc6 10.Bf4 Bd6 11.Bg5 Nbd7 12.Nc3 h6 13.Bxf6 Nxf6 14.Rfd1 Bd5 15.Qd3 Bxf3
16.Bxf3 c6 17.e4 Bb4 18.Na2 Be7 19.Qb3 Rb8 20.Rac1 Qa5 21.d5 exd5 22.exd5 cxd5
23.Nc3 b5 24.axb5 axb5 25.Nxd5 Nxd5 26.Bxd5 Bf6 27.Bxf7+ Rxf7 28.Rd7 Rf8
29.Qe6 b4 30.Rcc7 Qe5 31.Qc4 Qe1+ 32.Kg2 Be7 33.Rxe7  1/2-1/2

[Event "TCh-HUN 2012-13"]
[Site "Nagykanizsa HUN"]
[Date "2013.02.17"]
[Round "7"]
[White "Prohaszka,P2"]
[Black "Balogh,C"]
[Result "1/2-1/2"]
[WhiteElo "2573"]
[BlackElo "2668"]

1.Nf3 d5 2.g3 Bg4 3.Bg2 Nd7 4.c4 c6 5.cxd5 cxd5 6.O-O Ngf6 7.Nc3 e6 8.Qb3 Nc5
9.Qb5+ Nfd7 10.d4 a6 11.Qb4 Nd3 12.Qxb7 Nxc1 13.Raxc1 Be7 14.e4 dxe4 15.Ne5 Rb8
16.Qxe4 Bf5 17.Qc6 Rb6 18.Qa4 Rb4 19.Qxa6 Nxe5 20.dxe5 O-O 21.Rfd1 Qb8 22.Rd7 Bc5
23.b3 Qxe5 24.Qe2 Qb8 25.Be4 Qe5 26.Bxf5 Qxf5 27.Rcd1 h5 28.Na4 Re4 29.Qf1 h4
30.Nxc5 Qxc5 31.Kg2 Qf5 32.h3 hxg3 33.fxg3 Qe5 34.R1d2 f5 35.Rd8 Rxd8 36.Rxd8+ Kh7
37.Rd2 Re3 38.Qf4 Qc3 39.Rf2 Qc6+ 40.Kh2 Re1 41.Rg2 Qc3 42.Qg5 Qa1 43.Qh5+ Kg8
44.Qe8+ Kh7 45.Qh5+ Kg8  1/2-1/2

[Event "Iceland-China Friendly Match"]
[Site "Reykjavik ISL"]
[Date "2013.02.17"]
[Round "9.1"]
[White "Olafsson,H1"]
[Black "Tan Zhongyi"]
[Result "1-0"]
[WhiteElo "2547"]
[BlackElo "2466"]

1.Nf3 d5 2.g3 Nf6 3.Bg2 e6 4.c4 Be7 5.d4 O-O 6.Qc2 dxc4 7.Qxc4 a6 8.Bf4 Nd5
9.Nc3 b5 10.Qb3 Nxf4 11.gxf4 Bb7 12.Rd1 Nd7 13.d5 exd5 14.Nxd5 Nc5 15.Qc2 Bxd5
16.Ng5 Bxg5 17.Rxd5 Qc8 18.Rxg5 Ne6 19.Rg3 c6 20.e3 Rd8 21.Rg1 g6 22.Bh3 Re8
23.f5 Nd4 24.Qd3 Qd8 25.fxg6 Nf3+ 26.Rxf3 Qxd3 27.gxf7+ Kh8 28.fxe8=Q+ Rxe8
29.Bf5 Qd5 30.Rf4 Rf8 31.Be6  1-0

[Event "ch-ROU 2013"]
[Site "Baile Olanesti ROU"]
[Date "2013.02.18"]
[Round "3.20"]
[White "Turcu,I"]
[Black "Malureanu,C"]
[Result "0-1"]
[WhiteElo "2225"]
[BlackElo "2098"]

1.Nf3 d5 2.g3 Nf6 3.Bg2 b5 4.O-O e6 5.b3 Be7 6.Bb2 Nbd7 7.d4 Bb7 8.Ne5 O-O
9.Qd3 a6 10.a4 b4 11.Nd2 c5 12.Nxd7 Nxd7 13.e4 a5 14.exd5 exd5 15.Rfe1 Bf6
16.Qb5 Qc7 17.Qd3 Rac8 18.Rac1 c4 19.bxc4 dxc4 20.Qxc4 Qxc4 21.Nxc4 Bxg2
22.Nd6 Rc6 23.Nf5 Bd5 24.c4 Rxc4 25.Rb1 Nb6 26.g4 Rc7 27.f4 Nxa4 28.g5 Bd8
29.Ba1 f6 30.Ne3 Be4 31.Rbc1 Rxc1 32.Rxc1 fxg5 33.f5 b3 34.Nc4 Bf6 35.Rd1 Bd5
36.Ne3 Rd8  0-1

[Event "ch-Central Serbia 2013"]
[Site "Pozarevac SRB"]
[Date "2013.02.18"]
[Round "1.17"]
[White "Chelushkina,I"]
[Black "Doncic,Dragoljub"]
[Result "1-0"]
[WhiteElo "2265"]
[BlackElo "1844"]

1.g3 d5 2.Nf3 Nf6 3.Bg2 g6 4.O-O Bg7 5.d4 O-O 6.Ne5 c6 7.c4 dxc4 8.Na3 Nbd7
9.Naxc4 Nxe5 10.Nxe5 Nd7 11.Nf3 Nb6 12.a4 Bg4 13.a5 Nd5 14.h3 Bxf3 15.Bxf3 Nc7
16.Be3 Qd7 17.Kg2 e6 18.Qa4 a6 19.Rad1 Nd5 20.Bc1 f5 21.Rd3 Nc7 22.Rfd1 Nb5
23.Bf4 Rad8 24.Bg5 Bf6 25.Bxf6 Rxf6 26.Qb4 Qd6 27.Qd2 Kg7 28.h4 h5 29.Qg5 Rh8
30.Qe3 f4 31.Qe5 fxg3 32.fxg3 Rf8 33.R1d2 Qc7 34.g4 hxg4 35.Bxg4 Qxa5 36.h5 Qc7
37.Rg3 Qxe5 38.dxe5 R6f7 39.Kh3 gxh5 40.Bxh5+ Kh6  1-0

[Event "ch-Central Serbia 2013"]
[Site "Pozarevac SRB"]
[Date "2013.02.19"]
[Round "3.10"]
[White "Popovic,AM"]
[Black "Njegic,Vladimir"]
[Result "1-0"]
[WhiteElo "2271"]
[BlackElo "2149"]

1.g3 d5 2.Nf3 Nf6 3.Bg2 c6 4.O-O Bf5 5.d3 h6 6.Nbd2 e6 7.Qe1 Be7 8.e4 Bh7
9.Qe2 O-O 10.Ne1 a5 11.f4 dxe4 12.Nxe4 Qb6+ 13.Kh1 a4 14.a3 Nbd7 15.g4 Ra5
16.Nd2 Qd8 17.Nc4 Ra6 18.d4 Nb6 19.Ne5 Ra8 20.N1d3 Qxd4 21.g5 hxg5 22.fxg5 Bxd3
23.cxd3 Nfd7 24.Nxf7 Rae8 25.g6 Nc5 26.Bf4 Qxf4 27.Rxf4  1-0

[Event "e2e4 Brighton Masters 2013"]
[Site "Brighton ENG"]
[Date "2013.02.20"]
[Round "8"]
[White "Slavin,A"]
[Black "Jackson,J"]
[Result "1-0"]
[WhiteElo "2378"]
[BlackElo "2233"]

1.Nf3 d5 2.g3 c5 3.Bg2 Nc6 4.d4 e6 5.O-O Nf6 6.a3 cxd4 7.Nxd4 Bc5 8.Nxc6 bxc6
9.c4 a5 10.Nc3 O-O 11.Na4 Be7 12.Be3 Nd7 13.Rc1 Ba6 14.cxd5 cxd5 15.Qd2 Rb8
16.Ba7 Rb7 17.Bd4 Bb5 18.Nc3 Bc4 19.Rfe1 Bg5 20.f4 Bf6 21.e4 Bxd4+ 22.Qxd4 Qb6
23.Qxb6 Nxb6 24.exd5 Bxd5 25.Nxd5 Nxd5 26.f5 Rxb2 27.fxe6 fxe6 28.Rxe6 Nf6
29.Re5 a4 30.Ra5 Ng4 31.Rxa4 Ne3 32.Bh3 Rd2 33.Re4 Nc2 34.Be6+ Kh8 35.a4 h5
36.Rf1 Rxf1+ 37.Kxf1 Nd4 38.Bf7 Kh7 39.Bxh5 Rxh2 40.Rxd4  1-0

[Event "Moscow Gov Cup A Rapid"]
[Site "Moscow RUS"]
[Date "2013.02.20"]
[Round "7.16"]
[White "Sakhvadze,G"]
[Black "Bobrovskyi,Anton"]
[Result "1-0"]
[WhiteElo "2125"]
[BlackElo "1862"]

1.Nf3 d5 2.g3 Nf6 3.Bg2 Bf5 4.d3 e6 5.Nbd2 Nbd7 6.c4 c6 7.cxd5 exd5 8.O-O Be7
9.b3 O-O 10.Bb2 h6 11.Re1 Re8 12.e4 dxe4 13.dxe4 Bh7 14.e5 Nd5 15.e6 fxe6
16.Nd4 e5 17.Ne6 Qc8 18.Bh3 Nc5 19.Qg4 Qxe6 20.Qxe6+ Nxe6 21.Bxe6+ Kh8 22.Bxd5 cxd5
23.Rxe5 Bf6 24.Rxe8+ Rxe8 25.Bxf6 gxf6 26.Nf3 Re2 27.Nd4 Rd2 28.Ne6 Kg8 29.Nf4 Kf7
30.Rc1 Be4 31.Kf1 Rxa2 32.Rc7+ Ke8 33.Rxb7 Bf3 34.Ke1 a5 35.Rb6 Ke7 36.Re6+ Kf7
37.Rd6 Rb2 38.Rd7+ Ke8 39.Ra7 Ra2 40.Ra6 Kf7 41.h4 Be4 42.h5 Bf3 43.Ra7+ Ke8
44.Rh7 Rb2 45.Rxh6 Rxb3 46.Rxf6 a4 47.h6 Be4 48.Nxd5 a3 49.Ra6 Kf7 50.Ra7+ Ke6
51.Nf4+ Kd6 52.Kd2 Bf5 53.h7 Rb2+ 54.Ke3 Rb8 55.Ra6+ Ke5 56.Nd3+ Kd5 57.Ra5+ Ke6
58.Nf4+ Kf6 59.Rxa3 Bxh7 60.Ra6+ Ke5 61.Ra5+ Kd6 62.Kf3 Rb2 63.Rd5+ Kc6 64.Rd8 Bc2
65.g4 Rb3+ 66.Ke2 Be4 67.g5 Rb5 68.Ke3 Bb1 69.g6 Rg5 70.Ra8 Kb7 71.Ra1 Bxg6
72.Nxg6 Rxg6 73.Ke4 Rf6 74.f4 Kc7 75.Ke5 Rh6 76.Rd1 Rh2 77.f5 Re2+ 78.Kf6 Rf2
79.Ke6 Re2+ 80.Kf7 Ra2 81.f6 Kc6 82.Ke8 Ra8+ 83.Rd8 Ra1 84.f7 Re1+ 85.Kf8 Kc7
86.Rd5 Rg1 87.Ke7 Re1+ 88.Kf6 Rf1+ 89.Rf5  1-0

[Event "ch-Central Serbia 2013"]
[Site "Pozarevac SRB"]
[Date "2013.02.20"]
[Round "4.5"]
[White "Abramovic,B"]
[Black "Ratkovic,Miloj"]
[Result "1-0"]
[WhiteElo "2469"]
[BlackElo "2249"]

1.Nf3 d5 2.g3 Nf6 3.Bg2 c6 4.d3 Bg4 5.Nbd2 Nbd7 6.h3 Bxf3 7.Bxf3 e6 8.Bg2 Qc7
9.e4 dxe4 10.dxe4 O-O-O 11.Qe2 h5 12.Nc4 Bc5 13.c3 b5 14.e5 Nd5 15.Nd6+ Bxd6
16.exd6 Qxd6 17.a4 b4 18.cxb4 Qxb4+ 19.Bd2 Qb6 20.O-O Kb8 21.b4 N7f6 22.Rac1 Rc8
23.Rc2 Rc7 24.Rfc1 Rhc8 25.Qe5 Ka8 26.a5 Qb7 27.Qd4 Kb8 28.g4 hxg4 29.hxg4 Ka8
30.Bf3 Ne8 31.Rc5 Nef6 32.R5c4 Ne8 33.Rc5 Nef6 34.R5c4 Ne8 35.Qe5 Nef6 36.g5 Ne8
37.g6 fxg6 38.Qxe6 Nef6 39.Qe5 Re8 40.Qd4 Rec8 41.Rc5 a6 42.R5c4 Rd7 43.Qe5 Rdc7
44.Qg5 Ne7 45.Bf4 Rd7 46.Qe5 Nfd5 47.Bg5 Rdc7 48.Kg2 Ka7 49.Qxg7 Qb5 50.Qd4+ Ka8
51.Qd2 Qb7 52.Qe1 Qb5 53.Qe5 Qb7 54.Qe6 Ka7 55.Qd6 Ka8 56.Re1 Qb5 57.Rc5 Qb7
58.Rxe7 Rxe7 59.Rxd5 Rf7 60.Re5 Rcf8 61.Bxc6 Rxf2+ 62.Kg3 R2f3+ 63.Kg4  1-0

[Event "Reykjavik Open 2013"]
[Site "Reykjavik ISL"]
[Date "2013.02.20"]
[Round "2.9"]
[White "Gajewski,G"]
[Black "Kashlinskaya,A"]
[Result "1-0"]
[WhiteElo "2644"]
[BlackElo "2350"]

1.Nf3 d5 2.g3 Nf6 3.Bg2 c6 4.O-O Bg4 5.c4 e6 6.cxd5 exd5 7.d3 Bd6 8.e4 O-O
9.Nc3 Nbd7 10.Qc2 dxe4 11.dxe4 Re8 12.h3 Bh5 13.Nh4 Bg6 14.f4 Nh5 15.Nxg6 Nxg3
16.Rd1 Re6 17.Qf2 Bc5 18.Be3 Bxe3 19.Qxe3 Rxg6 20.f5 Nxf5 21.exf5 Rf6 22.Rd2 Qb6
23.Qxb6 Nxb6 24.Rad1 Kf8 25.Rd8+ Rxd8 26.Rxd8+ Ke7 27.Rb8  1-0

[Event "Reykjavik Open 2013"]
[Site "Reykjavik ISL"]
[Date "2013.02.20"]
[Round "3.40"]
[White "Thorfinnsson,Bj"]
[Black "Ragnarsson,J"]
[Result "1/2-1/2"]
[WhiteElo "2386"]
[BlackElo "2046"]

1.Nf3 d5 2.g3 Nf6 3.Bg2 Bf5 4.c4 e6 5.O-O c6 6.b3 Nbd7 7.Bb2 h6 8.d3 Be7
9.Nbd2 O-O 10.Re1 Bh7 11.Rc1 a5 12.a3 Rc8 13.Bf1 b5 14.cxb5 cxb5 15.Rxc8 Qxc8
16.Qa1 Qb8 17.Rc1 Rc8 18.Nd4 Rxc1 19.Qxc1 Bc5 20.b4 Bxd4 21.Bxd4 axb4 22.axb4 e5
23.Bb2 Qd6 24.Nb3 Bf5 25.Nc5 d4 26.f4 Nd5 27.fxe5 Qxe5 28.e4 Nxb4 29.Nb3 Be6
30.Nxd4 Qc5 31.Kf2 Qxc1 32.Bxc1 Ne5 33.Ke3 Ng4+ 34.Kd2 Nxh2 35.Be2 Bh3 36.Ba3 Na6
37.Bd6 Bd7 38.Nf5 g6 39.Ne3 h5 40.d4 f6 41.Nd5 Kf7 42.Bd1 Ke6 43.Ba3 Nf1+
44.Ke1 b4 45.Nxb4 Bb5 46.Bb3+ Kd7 47.Nd5 Nxg3 48.Nxf6+ Kd8 49.e5 Nf5 50.e6 Nxd4
51.e7+ Kc8 52.Bf7 Nc2+ 53.Kd2 Nxa3 54.e8=Q+  1/2-1/2

[Event "ch-ROU w 2013"]
[Site "Baile Olanesti ROU"]
[Date "2013.02.21"]
[Round "6.15"]
[White "Bogdan,El"]
[Black "Didiliuc,Dariana-Gabriela"]
[Result "0-1"]
[WhiteElo "1829"]
[BlackElo "1573"]

1.Nf3 d5 2.g3 c5 3.Bg2 Nf6 4.O-O e6 5.d3 Be7 6.Nbd2 Nbd7 7.e4 d4 8.Nc4 b5
9.Nce5 Bb7 10.c3 Nxe5 11.Nxe5 dxc3 12.bxc3 O-O 13.Qe2 b4 14.Bb2 Qc7 15.f4 Rfd8
16.c4 Qb6 17.f5 exf5 18.Rxf5 Bc8 19.Rf2 Be6 20.Raf1 Rf8 21.Nxf7 Rxf7 22.e5 Raf8
23.exf6 Bxf6 24.Bxf6 Rxf6 25.Rxf6 Rxf6 26.Rxf6 gxf6 27.Qh5 Qd6 28.Qe2 Qd4+
29.Kf1 Qa1+ 30.Kf2 Qd4+ 31.Kf1 Qe5 32.Qxe5 fxe5 33.Be4 a5 34.Bc6 Kf7 35.Kf2 Ke7
36.Be4 a4 37.Ke2 b3  0-1

[Event "11th TCh-IND w 2013"]
[Site "Hyderabad IND"]
[Date "2013.02.21"]
[Round "2.3"]
[White "Mohota,N"]
[Black "Vaishali,R"]
[Result "1-0"]
[WhiteElo "2327"]
[BlackElo "2040"]

1.Nf3 d5 2.g3 Nf6 3.Bg2 e6 4.O-O Be7 5.c4 O-O 6.b3 c5 7.Bb2 Nc6 8.e3 b6 9.Nc3 Ba6
10.d3 Qd7 11.Qe2 Rad8 12.Rad1 d4 13.exd4 Nxd4 14.Nxd4 cxd4 15.Ne4 Nxe4 16.Qxe4 b5
17.Rfe1 b4 18.h4 Bc8 19.h5 f5 20.Qe2 f4 21.Bf3 fxg3 22.fxg3 Qc7 23.Kg2 Rxf3
24.Kxf3 Rf8+ 25.Kg2 Bb7+ 26.Kh3 Rf3 27.Qe5 Bd6 28.Qxe6+ Kh8 29.Qe8+ Rf8 30.h6 Bc8+
31.Kg2 g6 32.Qe3 Kg8 33.Qxd4 Bb7+ 34.Re4 Be5 35.Qxe5 Qxe5 36.Bxe5 Rd8 37.Kf3  1-0

[Event "21st Fajr Open"]
[Site "Mashhad IRI"]
[Date "2013.02.21"]
[Round "3.2"]
[White "Benidze,D"]
[Black "Lorparizangeneh,S"]
[Result "1/2-1/2"]
[WhiteElo "2507"]
[BlackElo "2197"]

1.Nf3 d5 2.g3 Nf6 3.Bg2 c6 4.O-O Bf5 5.c4 e6 6.d3 h6 7.cxd5 cxd5 8.Qb3 Qc8
9.Nc3 Nc6 10.Re1 Be7 11.e4 dxe4 12.dxe4 Bh7 13.Bf4 O-O 14.Rac1 Nd7 15.Be3 Rd8
16.Red1 Nc5 17.Qc4 Rxd1+ 18.Rxd1 Nd7 19.Nd4 Nde5 20.Nxc6 Nxc6 21.f4 Qf8 22.e5 Rc8
23.Bxc6 Rxc6 24.Qb5 Qc8 25.Qa4 a6 26.Qd4 Bc2 27.Rd2 Bf5 28.Kf2 Rc4 29.Qd7 Bb4
30.Qxc8+ Rxc8 31.Bd4 Rd8 32.Ke3 Bxc3 33.bxc3 Rd5  1/2-1/2